Statistiques concernant Waven : Tous les héros

Cliquez ici pour prendre le quiz!

Statistiques générales

  • Ce quiz a été pris 4 fois
  • Le résultat moyen est 7 sur 25

Statistiques - réponses

Réponse% Correct
Expingole
75%
Ambre Tamashi
50%
Arc Piven
50%
Bunelame
50%
Flamboyante Kasaï
50%
Gemme Déphasante
50%
Lame Voracius
50%
Shiru Shaden
50%
Aiguille Pikuxala
25%
Bouvaloir Orok
25%
Cisaille Orishi
25%
Justelame Brutale
25%
Ken Kartana
25%
Lame Ouraï
25%
Pinceau Kokoro
25%
Régulant Gurpapa
25%
Synchronisateur Tako
25%
Voldorak Vo
25%
Catalysateur Pramium
0%
Écorcheur Shugen
0%
Glaive Stalaktoss
0%
Lamarguedon Spectral
0%
Sabliaton Jikan
0%
Scalpel de l'Apostruker
0%
Surin Sourokan
0%

Distribution des résultats

Percentile par nombre de réponses

% des personnes avec chaque résultat

Votre développement - résultats

Vous n’avez pas pris ce quiz